00615nam a2200193Ia 4500003000900000008004100009020001800050040001600068080001800084100002100102245011800123260004800241300001300289490004800302650001400350650001800364650002000382650001900402IN-BaIIA211028s9999 xx 000 0 eng d a0-521-55213-3 cIIA Library a523.4bBRU-II aBrush, Stephen G 0aTransmuted pastbthe age of the earth and the evolution of the elements from Lyell to PattersoncStephen G. Brush aCambridgebCambridge University Pressc1996 ax, 134p. aA History of modern planetary physics; v. 2 aEarth-age aEarth-history aNucleosynthesis aStar evolution